Fuzzy-reliability engineering: concepts and application

Fuzzy-reliability is a novel concept in systems engineering as fuzzy sets can capture subjective, uncertain and ambiguous information. This text focuses on fuzzy set based concepts and its applications. Various concepts such as probist, profust, fuzzy event based method, fuzzy fault tree analysis, t...

وصف كامل

محفوظ في:
التفاصيل البيبلوغرافية
المؤلف الرئيسي: Verma, A. K.
التنسيق: كتاب
اللغة:Undetermined
منشور في: New Delhi Narosa Publishing House 2007
الموضوعات:
الوسوم: إضافة وسم
لا توجد وسوم, كن أول من يضع وسما على هذه التسجيلة!
Thư viện lưu trữ: Trung tâm Học liệu Trường Đại học Cần Thơ
LEADER 01979nam a2200229Ia 4500
001 CTU_128899
008 210402s9999 xx 000 0 und d
020 |c 1565000 
082 |a 004.015113 
082 |b V522 
100 |a Verma, A. K. 
245 0 |a Fuzzy-reliability engineering: 
245 0 |b concepts and application 
245 0 |c A. K. Verma, A. Srividya, R. S. Prabhu Gaonkar 
260 |a New Delhi 
260 |b Narosa Publishing House 
260 |c 2007 
520 |a Fuzzy-reliability is a novel concept in systems engineering as fuzzy sets can capture subjective, uncertain and ambiguous information. This text focuses on fuzzy set based concepts and its applications. Various concepts such as probist, profust, fuzzy event based method, fuzzy fault tree analysis, transformations and hybrid approaches have been described. Applications in systems reliability, availability and maintainability, software reliability and power system reliability have been discussed in depth. Maintenance issues described in this text relate to fuzzy availability modeling for Markov and semi-Markov models, fuzzy dynamic reliability evaluation under imperfect repair and maintenance strategy selection using fuzzy linguistics. Software reliability using fuzzification of cost model parameters like penalty, warranty and risks are applied to the existing growth models. Composite power system reliability modeling using fuzzy sets and fuzzy confidence intervals with fuzzy linear programming for minimization of load curtailment has demonstrated the flexibility and capability of using fuzzy sets in reliability engineering. This book is one of the few on the subject of fuzzy-reliability engineering 
650 |a Electronic digital computers,Computer software,Fuzzy sets,Fuzzy logic,Nguyên lý mờ,Phần mềm náy tính đáng tin cậy 
650 |x Reliability,Reliability 
904 |i Nguyên 
980 |a Trung tâm Học liệu Trường Đại học Cần Thơ